书目信息 |
| 题名: |
第四纪环境
|
|
| 作者: | 澳M.A.J.Williams ;刘东生 | |
| 分册: | ||
| 出版信息: | 北京 科学出版社 1997 |
|
| 页数: | 304页 | |
| 开本: | 26cm | |
| 丛书名: | 中国科学院研究生教学丛书 | |
| 单 册: | ||
| 中图分类: | P534.63 | |
| 科图分类: | ||
| 主题词: | 地质学史 , 地史学 , 地层学 | |
| 电子资源: | ||
| ISBN: | 7-03-006257-4 | |
| 000 | 00741nam0 2200241 450 | |
| 001 | 0736196517 | |
| 005 | 20070924100316.51 | |
| 010 | @a7-03-006257-4@d¥38.00 | |
| 100 | @a20070924d km y0chiy0120 ea | |
| 101 | 0 | @achi |
| 200 | 1 | @a第四纪环境@Adi si ji huan jing@f[澳]M.A.J.Williams等@F[ao]M.A.J.Williams deng@g刘东生等@Gliu dong sheng deng |
| 210 | @a北京@c科学出版社@d1997 | |
| 215 | @a304页@c插图@d26cm | |
| 225 | 2 | @a中国科学院研究生教学丛书 |
| 410 | 0 | @12001 @a中国科学院研究生教学丛书 |
| 606 | 0 | @a地质学史 |
| 606 | 0 | @a地史学 |
| 606 | 0 | @a地层学 |
| 690 | @aP534.63@v3 | |
| 701 | 0 | @a澳M.A.J.Williams@Aao M.A.J.Williams |
| 702 | 0 | @a刘东生@Aliu dong sheng |
| 801 | 0 | @aCN@bPFT@c20070924 |
| 905 | @a213230@dP534.63@eZY1@f1 | |
| 第四纪环境/[澳]M.A.J.Williams等/刘东生等.-北京:科学出版社,1997 |
| 304页:插图;26cm.-(中国科学院研究生教学丛书) |
| ISBN 7-03-006257-4:¥38.00 |
| ● |
| 相关链接 |
|
|
|
|
正题名:第四纪环境
索取号:P534.63/ZY1
 
预约/预借
| 序号 | 登录号 | 条形码 | 馆藏地/架位号 | 状态 | 备注 |
| 1 | 7900686 | 279006861 | 密集书库-资源管理系/ [索取号:P534.63/ZY1] | 在馆 |